000 01019nam a22002297a 4500
999 _c62590
_d62590
003 Ge_BSU
005 20241212145014.0
008 241212s2024 ge ||||| |||| 00| 0 geo d
020 _a9789941506963
041 _ageo
080 _a821.353.1-1 მ-65
100 _aმთვარელიძე, მურად
_914712
245 _aშუაღამისმზის მოლოდინში /
_cმურად მთვარელიძე; რედ. როსტომ ჩხეიძე; მხატვარი ს. თვალაბეიშვილი.
264 _aთბილისი :
_bკალმოსანი,
_c2024.
300 _a79 გვ.;
_b17 სმ.
653 _aლექსები
653 _aპოეზია
700 _aჩხეიძე, როსტომ
_eრედაქტორი
_91213
700 _aთვალაბეიშვილი, ს.
_eმხატვარი
_923964
773 _tნაჩუქარი
942 _2udc
_cᲬᲘᲒᲜᲘ